00438nmm a22001577a 450000500170000000800410001704100080005808200090006610000330007524500570010826000090016565000150017465000330018965000280022265000300025020160721161438.0150618b xxu||||| |||| 00| 0 spa d aspa aDE 1 aRodríguez Salazar, Paulina aInforme de práctica supervisada realizado en S.G.O c2013 aCOSTA RICA aADMINISTRACIÓN DE EMPRESAS aSELECCIÓN DE PERSONAL aRECLUTAMIENTO DE PERSONAL